000 00503nam a22001817a 4500
003 CEME
005 20210628201924.0
008 210208b xxu||||| |||| 00| 0 eng d
020 _a81-203-2044-1
040 _c.
082 _a519.292462 JOH
100 _aJohnson, Richard A
_957426
245 _aProbability and statistics for engineers
260 _aNEW DELHI
_bPRENTICE HALL OF INDIA
_c2004
300 _aXII,622P
650 _aPROBABILITY AND STATISTICS FOR ENGINEERS
_957427
942 _cBK
_2ddc
999 _c567710
_d567710